Statistics for Logoer - Internasjonale organisasjoner

Click here to take the quiz!

General Stats

  • This quiz has been taken 161 times
  • The average score is 5 of 10

Answer Stats

Answer% Correct
EU - Den europeiske union
96%
FN - De forente nasjoner
85%
Røde Kors
78%
Amnesty International
65%
NATO - Nordatlantiske traktat-organisasjon
54%
UNICEF - FNs barnefond
47%
WHO - Verdens helseorganisasjon
27%
Verdens matvareprogram
5%
UNHCR - FNs høykommissær for flyktninger
4%
WTO - Verdens handelsorganisasjon
4%

Score Distribution

Percentile by Number Answered

Percent of People with Each Score

Your Score History

You have not taken this quiz